[Event "chess.com Speed 1m+1spm 2018"]
[Site "chess.com INT"]
[Date "2018.09.20"]
[Round "2.27"]
[White "Giri, Anish"]
[Black "Aronian, Levon"]
[Result "1/2-1/2"]
[WhiteTitle "GM"]
[BlackTitle "GM"]
[WhiteElo "2782"]
[BlackElo "2767"]
[WhiteFideId "24116068"]
[BlackFideId "13300474"]
[EventDate "2018.07.24"]

1. d4 Nf6 2. c4 g6 3. Nc3 Bg7 4. e4 O-O 5. Nf3 d6 6. Be2 c5 7. O-O Re8 8. Re1
cxd4 9. Nxd4 Nc6 10. Be3 Bd7 11. Qd2 Nxd4 12. Bxd4 Bc6 13. Bf1 a5 14. Rad1 a4
15. f4 Qa5 16. Nd5 Bxd5 17. exd5 Nd7 18. Bxg7 Kxg7 19. Qxa5 Rxa5 20. Kf2 Kf8 21.
g3 Ra6 22. Rd2 Rb6 23. Be2 Nc5 24. Bf1 Nd7 25. Ke3 e5 26. dxe6 Rxe6+ 27. Kf2 Nc5
28. Rxe6 fxe6 29. Ke3 Ke7 30. Kd4 a3 31. bxa3 Ra6 32. Kc3 Rxa3+ 33. Kb4 Ra6 34.
Kb5 Kd7 35. Bg2 Kc7 36. Kb4 Rb6+ 37. Kc3 Rb1 38. Re2 Rc1+ 39. Kd4 Rd1+ 40. Kc3
Rc1+ 41. Kd4 Rd1+ 42. Kc3 Rd3+ 43. Kb4 Na6+ 44. Kb5 Nc5 45. Bh3 Rd1 46. Kb4 Kd7
47. Kc3 Rc1+ 48. Kb4 Rb1+ 49. Kc3 Rc1+ 50. Kb4 Ke7 51. Bg4 h6 52. Bh3 g5 53.
fxg5 hxg5 54. Bg2 g4 55. Rd2 Kd7 56. Re2 Ke7 57. Rd2 Kd7 58. Re2 Ke7 59. Rd2 1/2-1/2

[Event "chess.com Speed 1m+1spm 2018"]
[Site "chess.com INT"]
[Date "2018.09.20"]
[Round "2.28"]
[White "Aronian, Levon"]
[Black "Giri, Anish"]
[Result "1-0"]
[WhiteTitle "GM"]
[BlackTitle "GM"]
[WhiteElo "2767"]
[BlackElo "2782"]
[WhiteFideId "13300474"]
[BlackFideId "24116068"]
[EventDate "2018.07.24"]

1. d4 d5 2. Bf4 Nf6 3. e3 e6 4. Nf3 Bd6 5. Bg3 O-O 6. Nbd2 b6 7. c3 Ba6 8. Bxa6
Nxa6 9. Ne5 Nb8 10. f4 c5 11. Bh4 Be7 12. O-O Nfd7 13. Bxe7 Qxe7 14. Rf3 Nxe5
15. fxe5 Nd7 16. Qa4 f6 17. exf6 Rxf6 18. Raf1 Rxf3 19. Nxf3 Qd6 20. b4 cxb4 21.
cxb4 a5 22. a3 h6 23. Rc1 e5 24. Rc6 Qe7 25. Rc7 exd4 26. Qxd7 Qxe3+ 27. Kf1
Qd3+ 28. Kf2 Qe3+ 29. Kg3 1-0

[Event "chess.com Speed 1m+1spm 2018"]
[Site "chess.com INT"]
[Date "2018.09.20"]
[Round "2.29"]
[White "Giri, Anish"]
[Black "Aronian, Levon"]
[Result "1-0"]
[WhiteTitle "GM"]
[BlackTitle "GM"]
[WhiteElo "2782"]
[BlackElo "2767"]
[WhiteFideId "24116068"]
[BlackFideId "13300474"]
[EventDate "2018.07.24"]

1. d4 Nf6 2. Nf3 g6 3. g3 Bg7 4. Bg2 O-O 5. O-O d6 6. b3 a5 7. Bb2 a4 8. c4 c6
9. e3 Bg4 10. h3 Bxf3 11. Bxf3 Nbd7 12. Nc3 a3 13. Bc1 e5 14. dxe5 Nxe5 15. Bg2
Re8 16. Bd2 Nd3 17. Qe2 Nb4 18. Na4 c5 19. Bxb4 cxb4 20. Bxb7 Ra7 21. Bg2 Ne4
22. Rad1 Rxa4 23. Bxe4 Rxe4 24. bxa4 Qb6 25. Qd3 Re6 26. Qb3 Bc3 27. Rd5 h5 28.
Kg2 h4 29. gxh4 Rf6 30. Rc1 Qd8 31. Rxc3 bxc3 32. Qxc3 Re6 33. Qd4 Qa8 34. a5
Qb7 35. Qb6 Qe7 36. a6 Qxh4 37. a7 Qe4+ 38. Kg1 Re8 39. Qb7 Qxc4 40. a8=Q Rxa8
41. Qxa8+ Kg7 42. Ra5 1-0

[Event "chess.com Speed 5m+1spm 2018"]
[Site "chess.com INT"]
[Date "2018.10.09"]
[Round "2.1"]
[White "So, Wesley"]
[Black "Vidit, Santosh Gujrathi"]
[Result "1/2-1/2"]
[WhiteTitle "GM"]
[BlackTitle "GM"]
[WhiteElo "2780"]
[BlackElo "2718"]
[WhiteFideId "5202213"]
[BlackFideId "5029465"]
[EventDate "2018.07.24"]

1. e4 e5 2. Nf3 Nc6 3. Bb5 a6 4. Ba4 Nf6 5. O-O Nxe4 6. d4 b5 7. Bb3 d5 8. dxe5
Be6 9. Nbd2 Be7 10. c3 O-O 11. Bc2 f5 12. Nb3 Qd7 13. a4 b4 14. Nbd4 bxc3 15.
Nxc6 Qxc6 16. Nd4 Qd7 17. a5 cxb2 18. Bxb2 c6 19. Ba4 Rfc8 20. Rc1 Nc5 21. Ba3
Nxa4 22. Qxa4 c5 23. Qxd7 Bxd7 24. e6 Bb5 25. Nxf5 Bg5 26. f4 Bxf1 27. fxg5 Bc4
28. Ne7+ Kf8 29. Nxc8 Rxc8 30. Rb1 Bb5 31. Rc1 Bc4 32. Rb1 Bb5 33. Rc1 Bc4 1/2-1/2

[Event "chess.com Speed 5m+1spm 2018"]
[Site "chess.com INT"]
[Date "2018.10.09"]
[Round "2.2"]
[White "Vidit, Santosh Gujrathi"]
[Black "So, Wesley"]
[Result "1/2-1/2"]
[WhiteTitle "GM"]
[BlackTitle "GM"]
[WhiteElo "2718"]
[BlackElo "2780"]
[WhiteFideId "5029465"]
[BlackFideId "5202213"]
[EventDate "2018.07.24"]

1. d4 Nf6 2. c4 g6 3. Nc3 d5 4. Nf3 Bg7 5. Qb3 dxc4 6. Qxc4 O-O 7. e4 a6 8. Bf4
b5 9. Qxc7 Qxc7 10. Bxc7 Bb7 11. Bd3 b4 12. Na4 Nxe4 13. Ke2 Nf6 14. Rac1 Nd5
15. Bg3 Nd7 16. Nc5 Nxc5 17. Rxc5 Nb6 18. Rc7 Bxf3+ 19. Kxf3 Bxd4 20. Rxe7 Bxb2
21. Rb7 Bd4 22. Rd1 Bc5 23. Rc1 Na4 24. Bc4 a5 25. Be5 Ra7 26. Rb5 Re8 27. Ba1
Bf8 28. Bb3 Nc3 29. Bxc3 bxc3 30. Rxc3 a4 31. Bd5 Kg7 1/2-1/2

[Event "chess.com Speed 5m+1spm 2018"]
[Site "chess.com INT"]
[Date "2018.10.09"]
[Round "2.3"]
[White "So, Wesley"]
[Black "Vidit, Santosh Gujrathi"]
[Result "1-0"]
[WhiteTitle "GM"]
[BlackTitle "GM"]
[WhiteElo "2780"]
[BlackElo "2718"]
[WhiteFideId "5202213"]
[BlackFideId "5029465"]
[EventDate "2018.07.24"]

1. e4 e5 2. Nf3 Nc6 3. Bb5 a6 4. Ba4 Nf6 5. d3 b5 6. Bb3 Bc5 7. c3 O-O 8. Bg5 h6
9. Bh4 Be7 10. Nbd2 d6 11. O-O Nh5 12. Bxe7 Qxe7 13. Bd5 Bd7 14. Nd4 exd4 15.
Qxh5 dxc3 16. bxc3 Rae8 17. a4 Ne5 18. Qe2 bxa4 19. d4 Ng4 20. Qxa6 Rb8 21. Qd3
Nf6 22. Ba2 Rb2 23. Bb1 Rfb8 24. Bc2 Ra8 25. e5 Rxc2 26. Qxc2 dxe5 27. Rfe1 Nd5
28. Rxe5 Qd6 29. Ne4 Qc6 30. Nc5 Be8 31. Rxa4 Rb8 32. Ra1 Nf4 33. Qe4 Qxe4 34.
Rxe4 Nd5 35. c4 1-0

[Event "chess.com Speed 5m+1spm 2018"]
[Site "chess.com INT"]
[Date "2018.10.09"]
[Round "2.4"]
[White "Vidit, Santosh Gujrathi"]
[Black "So, Wesley"]
[Result "0-1"]
[WhiteTitle "GM"]
[BlackTitle "GM"]
[WhiteElo "2718"]
[BlackElo "2780"]
[WhiteFideId "5029465"]
[BlackFideId "5202213"]
[EventDate "2018.07.24"]

1. d4 Nf6 2. c4 e6 3. Nf3 d5 4. g3 Be7 5. Bg2 O-O 6. O-O dxc4 7. Qc2 a6 8. a4 c5
9. dxc5 Bxc5 10. Qxc4 b6 11. Ne5 Ra7 12. Nc3 Bb7 13. Bxb7 Rxb7 14. Ne4 Be7 15.
Nxf6+ Bxf6 16. Qe4 Qd5 17. Qxd5 exd5 18. Ng4 Bd4 19. Rd1 Nc6 20. e3 Bc5 21. Rxd5
f5 22. Ne5 Nxe5 23. Rxe5 Rd7 24. b3 Rd1+ 25. Kg2 Bd6 26. Re6 Rd8 27. e4 f4 28.
e5 Bc5 29. gxf4 R8d3 30. Rc6 Bd4 31. Ra2 Rxb3 32. a5 bxa5 33. Rxa5 Rc3 34. Rd6
Rcxc1 35. Rad5 Rg1+ 36. Kf3 Bc5 37. Rd8+ Kf7 38. f5 Be7 39. Ra8 Rc3+ 40. Ke2
Rc2+ 0-1

[Event "chess.com Speed 5m+1spm 2018"]
[Site "chess.com INT"]
[Date "2018.10.09"]
[Round "2.5"]
[White "So, Wesley"]
[Black "Vidit, Santosh Gujrathi"]
[Result "1/2-1/2"]
[WhiteTitle "GM"]
[BlackTitle "GM"]
[WhiteElo "2780"]
[BlackElo "2718"]
[WhiteFideId "5202213"]
[BlackFideId "5029465"]
[EventDate "2018.07.24"]

1. d4 Nf6 2. c4 e6 3. Nf3 d5 4. g3 dxc4 5. Bg2 c5 6. O-O Nc6 7. dxc5 Qxd1 8.
Rxd1 Bxc5 9. Nbd2 c3 10. bxc3 O-O 11. Nb3 Be7 12. Nfd4 Bd7 13. Nxc6 Bxc6 14.
Bxc6 bxc6 15. c4 Rfb8 16. Bd2 Rb6 17. Rac1 c5 18. Be3 Rc6 19. Rc2 Kf8 20. f3 Ke8
21. Rcd2 a5 22. Rb1 Rb8 23. Rdd1 a4 24. Nd2 Rcb6 25. Rxb6 Rxb6 26. Rb1 Rb4 27.
a3 Rxb1+ 28. Nxb1 Nd7 29. Kf1 Nb6 30. Nd2 Kd7 31. Ke1 Kc6 32. Kd1 f5 33. Kc2 Bf6
34. g4 g5 35. h3 h6 36. f4 Nc8 37. Nf3 Nd6 38. fxg5 hxg5 39. Bxg5 Bxg5 40. Nxg5
fxg4 41. hxg4 Nxc4 42. Nxe6 Nxa3+ 43. Kc1 Nc4 44. g5 Ne5 45. Kb2 Kd5 46. Nf4+
Ke4 47. Nd3 Nxd3+ 48. exd3+ Kf5 49. Ka3 Kxg5 50. Kxa4 Kf4 51. Kb5 Ke3 52. Kxc5
Kxd3 1/2-1/2

[Event "chess.com Speed 5m+1spm 2018"]
[Site "chess.com INT"]
[Date "2018.10.09"]
[Round "2.6"]
[White "Vidit, Santosh Gujrathi"]
[Black "So, Wesley"]
[Result "1-0"]
[WhiteTitle "GM"]
[BlackTitle "GM"]
[WhiteElo "2718"]
[BlackElo "2780"]
[WhiteFideId "5029465"]
[BlackFideId "5202213"]
[EventDate "2018.07.24"]

1. d4 Nf6 2. c4 e6 3. Nf3 d5 4. g3 Be7 5. Bg2 O-O 6. O-O dxc4 7. Qc2 a6 8. a4 c5
9. dxc5 Bxc5 10. Qxc4 b6 11. Ne5 Ra7 12. Nc3 Bb7 13. Bxb7 Rxb7 14. Ne4 Qd4 15.
Qxd4 Bxd4 16. Nxf6+ gxf6 17. Nf3 Nc6 18. Rd1 Rd8 19. Kg2 Rbd7 20. Ra3 Bc5 21.
Rxd7 Rxd7 22. Rc3 Nd4 23. Rd3 Rd5 24. b4 1-0

[Event "chess.com Speed 5m+1spm 2018"]
[Site "chess.com INT"]
[Date "2018.10.09"]
[Round "2.7"]
[White "So, Wesley"]
[Black "Vidit, Santosh Gujrathi"]
[Result "1-0"]
[WhiteTitle "GM"]
[BlackTitle "GM"]
[WhiteElo "2780"]
[BlackElo "2718"]
[WhiteFideId "5202213"]
[BlackFideId "5029465"]
[EventDate "2018.07.24"]

1. e4 e5 2. Nf3 Nc6 3. Bb5 a6 4. Ba4 Nf6 5. O-O Nxe4 6. d4 b5 7. Bb3 d5 8. dxe5
Be6 9. Nbd2 Be7 10. c3 O-O 11. Bc2 f5 12. Nb3 Qd7 13. Nbd4 Nxd4 14. Nxd4 c5 15.
Nxe6 Qxe6 16. f3 Ng5 17. a4 Rad8 18. axb5 axb5 19. Kh1 f4 20. b4 cxb4 21. cxb4
Qxe5 22. Rb1 Qb8 23. Re1 Rd7 24. Qd3 g6 25. h4 Nf7 26. Bb2 d4 27. Re6 Ne5 28.
Qe4 Rf5 29. Bxd4 Bd6 30. Re1 Rh5 31. Bxe5 Bxe5 32. Rxe5 Rxh4+ 33. Kg1 Qb6+ 34.
Rc5 Qd6 35. Rxb5 Qd2 36. Qe5 1-0

[Event "chess.com Speed 5m+1spm 2018"]
[Site "chess.com INT"]
[Date "2018.10.09"]
[Round "2.8"]
[White "Vidit, Santosh Gujrathi"]
[Black "So, Wesley"]
[Result "1-0"]
[WhiteTitle "GM"]
[BlackTitle "GM"]
[WhiteElo "2718"]
[BlackElo "2780"]
[WhiteFideId "5029465"]
[BlackFideId "5202213"]
[EventDate "2018.07.24"]

1. d4 Nf6 2. c4 e6 3. Nf3 d5 4. g3 Be7 5. Bg2 O-O 6. O-O dxc4 7. Qc2 a6 8. a4 c5
9. dxc5 Bxc5 10. Qxc4 b6 11. Ne5 Ra7 12. Nc3 Bb7 13. Bxb7 Rxb7 14. Ne4 Be7 15.
Nxf6+ Bxf6 16. Qe4 Qd5 17. Qxd5 exd5 18. Ng4 Bd4 19. Rd1 Nc6 20. e3 Bc5 21. Rxd5
f5 22. Ne5 Nxe5 23. Rxe5 Rd7 24. b3 Rd1+ 25. Kg2 Bd6 26. Re6 Rd8 27. e4 f4 28.
e5 Bc5 29. gxf4 Bd4 30. Rb1 Rc8 31. Rd6 Rc2 32. Be3 Rxb1 33. Bxd4 Rxb3 34. e6
Rc8 35. Rd7 Rd3 36. Rxg7+ Kf8 37. Bf6 1-0

[Event "chess.com Speed 5m+1spm 2018"]
[Site "chess.com INT"]
[Date "2018.10.09"]
[Round "2.9"]
[White "So, Wesley"]
[Black "Vidit, Santosh Gujrathi"]
[Result "1-0"]
[WhiteTitle "GM"]
[BlackTitle "GM"]
[WhiteElo "2780"]
[BlackElo "2718"]
[WhiteFideId "5202213"]
[BlackFideId "5029465"]
[EventDate "2018.07.24"]

1. e4 e5 2. Nf3 Nc6 3. Bb5 a6 4. Ba4 Nf6 5. O-O Nxe4 6. d4 b5 7. Bb3 d5 8. dxe5
Be6 9. Nbd2 Be7 10. c3 O-O 11. Bc2 f5 12. Nb3 Qd7 13. Nfd4 Nxd4 14. Nxd4 c5 15.
Nxe6 Qxe6 16. f3 Ng5 17. a4 Rad8 18. axb5 axb5 19. Kh1 f4 20. b4 cxb4 21. cxb4
Qxe5 22. Rb1 g6 23. Re1 Qd6 24. Qd3 Ne6 25. Qxb5 Nd4 26. Qd3 Bf6 27. b5 Rfe8 28.
Rxe8+ Rxe8 29. Bd2 Nxc2 30. Qxc2 Bd4 31. Qa4 Qe5 32. h3 Be3 33. Ba5 Qd4 34. Qxd4
Bxd4 35. Bc7 Kf7 36. b6 g5 37. b7 Ba7 38. b8=Q Bxb8 39. Bxb8 d4 40. Ba7 d3 41.
Rd1 Rd8 42. Kg1 Ke6 43. Kf2 Ra8 44. Bd4 Ra2+ 45. Kf1 Ra3 46. Bb2 Rb3 47. Rd2 h5
48. Kf2 Kf5 49. Ke1 g4 50. hxg4+ hxg4 51. fxg4+ Kxg4 52. Kf2 Kg5 53. Kf3 Kf5 54.
Bd4 Ra3 55. Bf2 Rb3 56. Bd4 Ra3 57. Bc5 Rc3 58. Bd6 1-0

[Event "chess.com Speed 5m+1spm 2018"]
[Site "chess.com INT"]
[Date "2018.10.09"]
[Round "2.10"]
[White "Vidit, Santosh Gujrathi"]
[Black "So, Wesley"]
[Result "1/2-1/2"]
[WhiteTitle "GM"]
[BlackTitle "GM"]
[WhiteElo "2718"]
[BlackElo "2780"]
[WhiteFideId "5029465"]
[BlackFideId "5202213"]
[EventDate "2018.07.24"]

1. d4 Nf6 2. c4 g6 3. g3 c6 4. Bg2 d5 5. Nf3 Bg7 6. O-O O-O 7. b3 dxc4 8. bxc4
c5 9. Bb2 cxd4 10. Nxd4 Qb6 11. Qc1 Bd7 12. Nd2 Nc6 13. Nc2 Bh6 14. Bc3 Rfd8 15.
Rb1 Qc7 16. Qb2 Bf5 17. e3 Rac8 18. Rbc1 b6 19. Nd4 Nxd4 20. Bxd4 Nd7 21. Nb3 e5
22. Bc3 Bd3 23. Rfd1 Bxc4 24. Bb4 Bf8 25. Bxf8 Nxf8 26. Rxd8 Qxd8 27. Qxe5 Ne6
28. h4 Bxb3 29. Rxc8 Qxc8 30. axb3 Qc1+ 31. Kh2 Qc2 32. Qb8+ Kg7 33. Qxa7 Qxb3
34. Qa1+ Kg8 35. Qa8+ Kg7 36. Bd5 Qb2 37. Bxe6 Qxf2+ 38. Kh3 Qf1+ 39. Kh2 Qf2+
40. Kh3 Qf1+ 41. Kh2 Qf2+ 1/2-1/2

[Event "chess.com Speed 3m+1spm 2018"]
[Site "chess.com INT"]
[Date "2018.10.09"]
[Round "2.11"]
[White "So, Wesley"]
[Black "Vidit, Santosh Gujrathi"]
[Result "1-0"]
[WhiteTitle "GM"]
[BlackTitle "GM"]
[WhiteElo "2780"]
[BlackElo "2718"]
[WhiteFideId "5202213"]
[BlackFideId "5029465"]
[EventDate "2018.07.24"]

1. e4 e5 2. Nf3 Nc6 3. d4 exd4 4. Nxd4 Nf6 5. Nxc6 bxc6 6. e5 Qe7 7. Qe2 Nd5 8.
Nd2 Rb8 9. c4 Nb4 10. Nf3 c5 11. g3 Qe6 12. Bg2 Be7 13. O-O O-O 14. b3 Bb7 15.
Bb2 d5 16. cxd5 Bxd5 17. Rfd1 Rfd8 18. Nd2 Nd3 19. Bxd5 Rxd5 20. Nc4 Rbd8 21.
Ne3 R5d7 22. Bc3 Nxe5 23. Rxd7 Rxd7 24. Rd1 Rxd1+ 25. Nxd1 Nc6 26. Qxe6 fxe6 27.
Kf1 Kf7 28. Ke2 Bf6 29. Kd3 Ke7 30. Kc4 Kd6 31. Bxf6 gxf6 32. f4 f5 33. Nc3 a6
34. Na4 Na5+ 35. Kd3 Nb7 36. Nb2 Kd5 37. Nc4 Nd6 38. Ne5 Ne4 39. Nd7 Kc6 40. Nf8
Kd5 41. Nxh7 e5 42. fxe5 Kxe5 43. Nf8 Nf2+ 44. Ke2 Ng4 45. h3 Nf6 46. Kf3 Ne4
47. h4 Nd2+ 48. Ke3 Nf1+ 49. Kf2 Nd2 50. Nd7+ Kd4 51. h5 c4 52. bxc4 Kxc4 53. h6
Ne4+ 54. Ke3 Ng5 55. Kf4 Nf7 56. h7 Kd4 57. Ne5 Nh8 58. Kxf5 c5 59. g4 c4 60.
Nxc4 Kxc4 61. g5 Kd5 62. g6 1-0

[Event "chess.com Speed 3m+1spm 2018"]
[Site "chess.com INT"]
[Date "2018.10.09"]
[Round "2.12"]
[White "Vidit, Santosh Gujrathi"]
[Black "So, Wesley"]
[Result "1/2-1/2"]
[WhiteTitle "GM"]
[BlackTitle "GM"]
[WhiteElo "2718"]
[BlackElo "2780"]
[WhiteFideId "5029465"]
[BlackFideId "5202213"]
[EventDate "2018.07.24"]

1. d4 Nf6 2. c4 e6 3. Nf3 d5 4. g3 Be7 5. Bg2 O-O 6. O-O dxc4 7. Qc2 a6 8. a4
Bd7 9. Qxc4 Bc6 10. Bg5 Bd5 11. Qc2 Be4 12. Qc1 h6 13. Bxf6 Bxf6 14. Rd1 a5 15.
Nbd2 Bxf3 16. Bxf3 c6 17. e3 Nd7 18. h4 Be7 19. h5 Bb4 20. Nc4 Nb6 21. Ne5 Bd6
22. Nd3 Qe7 23. Qc2 Nd5 24. Qe2 Nb4 25. Nxb4 Bxb4 26. Be4 Rfd8 27. Bc2 Qg5 28.
Kg2 c5 29. dxc5 Qxc5 30. Be4 Qb6 31. Rac1 Rxd1 32. Qxd1 Rd8 33. Qf3 Bc5 34. Rc2
Rd7 35. g4 Qc7 36. Bxb7 Qd6 37. Be4 Rc7 38. Qe2 Bb4 39. Rxc7 Qxc7 40. Qb5 Kf8
41. Bc6 Ke7 42. Bf3 Qd7 43. Qe5 Kf8 44. Qb8+ Qe8 45. Qe5 Qxa4 46. g5 hxg5 47.
Qxg5 Qd7 48. h6 gxh6 49. Qxh6+ Ke7 50. Qg5+ Kf8 51. Qh6+ Ke7 52. Qg5+ Kf8 53.
Qh6+ 1/2-1/2

[Event "chess.com Speed 3m+1spm 2018"]
[Site "chess.com INT"]
[Date "2018.10.09"]
[Round "2.13"]
[White "So, Wesley"]
[Black "Vidit, Santosh Gujrathi"]
[Result "1/2-1/2"]
[WhiteTitle "GM"]
[BlackTitle "GM"]
[WhiteElo "2780"]
[BlackElo "2718"]
[WhiteFideId "5202213"]
[BlackFideId "5029465"]
[EventDate "2018.07.24"]

1. e4 c6 2. d4 d5 3. exd5 cxd5 4. Nf3 Nc6 5. Bb5 e6 6. Ne5 Bd7 7. Nxd7 Qxd7 8.
O-O a6 9. Be2 Bd6 10. c3 Nf6 11. Nd2 O-O 12. a4 e5 13. dxe5 Nxe5 14. Nf3 h6 15.
Be3 Rfe8 16. Bd4 Qc7 17. g3 Re6 18. Re1 Rae8 19. Bxe5 Bxe5 20. Bf1 Bd6 21. Rxe6
Rxe6 22. Nd4 Re8 23. Bg2 Bc5 24. Qd3 Qb6 25. Qd2 Ne4 26. Bxe4 dxe4 27. Re1 Qd6
28. Kf1 Qd5 29. Kg1 f5 30. Qf4 Rf8 31. Qd2 Kh7 32. b4 Be7 33. f3 Bg5 34. Qe2 Re8
35. fxe4 Rxe4 36. Qf2 Bf6 37. Rxe4 fxe4 38. b5 a5 39. Qf5+ Qxf5 40. Nxf5 Bxc3
41. Nd6 b6 42. Nxe4 Bd4+ 43. Kf1 Kg6 44. Ke2 Kf5 45. Kd3 Bg1 46. h3 h5 47. Nd6+
Ke5 48. Nc4+ Kd5 49. Nd2 g6 50. Ne4 Ke5 51. Nd2 Bf2 52. Ke2 Bc5 53. Kd3 Bf2 54.
Ke2 Bc5 55. Kd3 Bf2 1/2-1/2

[Event "chess.com Speed 3m+1spm 2018"]
[Site "chess.com INT"]
[Date "2018.10.09"]
[Round "2.14"]
[White "Vidit, Santosh Gujrathi"]
[Black "So, Wesley"]
[Result "1/2-1/2"]
[WhiteTitle "GM"]
[BlackTitle "GM"]
[WhiteElo "2718"]
[BlackElo "2780"]
[WhiteFideId "5029465"]
[BlackFideId "5202213"]
[EventDate "2018.07.24"]

1. Nf3 Nf6 2. d4 g6 3. c4 Bg7 4. g3 O-O 5. Bg2 c6 6. O-O d5 7. b3 dxc4 8. bxc4
c5 9. Bb2 cxd4 10. Nxd4 Qb6 11. Qc1 Nc6 12. Nxc6 bxc6 13. Nd2 Rd8 14. Nb3 Qc7
15. Bd4 Rb8 16. Qc3 Ne8 17. Bxg7 Nxg7 18. Qa5 Ne8 19. Qxc7 Nxc7 20. Bxc6 Be6 21.
Rfc1 Rb4 22. c5 a6 23. Rc3 Rdb8 24. Nc1 Rb2 25. Kg2 Rd2 26. Bf3 Rbb2 27. a4 Rdc2
28. Rxc2 Rxc2 29. Nd3 Bc4 30. c6 Bxd3 31. exd3 Ne6 32. Rb1 Nd4 33. Rb6 a5 34.
Ra6 Rc5 35. Ra8+ Kg7 36. Rd8 Nxf3 37. Kxf3 Rxc6 38. Rd5 Rc3 39. Ke3 Ra3 40. Rxa5
Kf6 41. h4 h5 42. Ra8 Ra2 43. a5 Ke6 44. Ra6+ Kd5 45. Ra7 Kd6 46. a6 Ke6 47. Ra8
Kd5 48. Ra7 Kd6 49. f3 Ra4 50. Ra8 Kd5 51. g4 Ke6 52. gxh5 gxh5 53. a7 Kf6 54.
Rh8 Rxa7 55. Rxh5 Ra4 56. d4 Ra3+ 57. Ke4 Ra1 58. Rf5+ Kg7 59. h5 e6 60. Rc5 Kh6
61. Rc7 Kxh5 62. Rxf7 Kg6 63. Rf8 Kg7 64. Rd8 Kf6 65. Rf8+ Ke7 66. Rb8 Re1+ 67.
Kd3 Rd1+ 68. Ke3 Re1+ 69. Kf4 Rd1 70. Rb7+ Kf6 71. Rb4 Rxd4+ 72. Rxd4 e5+ 73.
Ke4 exd4 74. Kxd4 Kf5 75. f4 Kxf4 1/2-1/2

[Event "chess.com Speed 3m+1spm 2018"]
[Site "chess.com INT"]
[Date "2018.10.09"]
[Round "2.15"]
[White "So, Wesley"]
[Black "Vidit, Santosh Gujrathi"]
[Result "1/2-1/2"]
[WhiteTitle "GM"]
[BlackTitle "GM"]
[WhiteElo "2780"]
[BlackElo "2718"]
[WhiteFideId "5202213"]
[BlackFideId "5029465"]
[EventDate "2018.07.24"]

1. d4 Nf6 2. c4 e6 3. g3 d5 4. Bg2 dxc4 5. Nf3 c5 6. O-O Nc6 7. dxc5 Qxd1 8.
Rxd1 Bxc5 9. Nfd2 Na5 10. Na3 Bxa3 11. bxa3 Bd7 12. Bb2 Rc8 13. Bc3 b6 14. Rdc1
Rc7 15. Be5 Rc8 16. Rab1 O-O 17. Bc3 Rc7 18. Be5 Rcc8 19. Bc3 Rc7 20. Bxa5 bxa5
21. Rxc4 Rxc4 22. Nxc4 g5 23. Nxa5 Rc8 24. Rb7 Rc2 25. Rxa7 Rxa2 26. Bf1 Rxa3
27. Nc6 Rxa7 28. Nxa7 Ne4 29. Bg2 f5 30. e3 Kf7 31. Bf1 Nd6 32. Bg2 Ne4 33. Bf1
Nc3 34. Bg2 Nd5 35. Bf1 Nc7 36. Bg2 Kf6 37. Bc6 Bxc6 38. Nxc6 g4 1/2-1/2

[Event "chess.com Speed 3m+1spm 2018"]
[Site "chess.com INT"]
[Date "2018.10.09"]
[Round "2.16"]
[White "Vidit, Santosh Gujrathi"]
[Black "So, Wesley"]
[Result "1/2-1/2"]
[WhiteTitle "GM"]
[BlackTitle "GM"]
[WhiteElo "2718"]
[BlackElo "2780"]
[WhiteFideId "5029465"]
[BlackFideId "5202213"]
[EventDate "2018.07.24"]

1. d4 Nf6 2. c4 e6 3. Nf3 d5 4. g3 Bb4+ 5. Bd2 Be7 6. Bg2 O-O 7. O-O Nbd7 8. Qc2
c6 9. Rc1 b6 10. a4 a5 11. cxd5 cxd5 12. Nc3 Ba6 13. Nb5 Rc8 14. Qb3 Ne4 15. Bf4
Bb4 16. Rxc8 Qxc8 17. Rc1 Qd8 18. h4 Qe7 19. Rc7 Rc8 20. Rxc8+ Bxc8 21. Qc2 Ba6
22. Qc6 Qd8 23. Ne5 Nxe5 24. Bxe5 Bxb5 25. axb5 Nd6 26. b3 g6 27. e3 f6 28. Bf4
Kf7 29. g4 Ne8 30. h5 Bd6 31. hxg6+ hxg6 32. Bxd6 Qxd6 33. Qb7+ Qc7 34. Qa8 Qd7
35. Bf1 Qc7 36. Be2 Ke7 37. Kg2 Qd7 38. Bd3 f5 39. g5 Qc7 40. Be2 Kd7 41. Bd3
Ke7 42. Be2 Qd8 43. Qb7+ Qc7 44. Qa8 1/2-1/2

[Event "chess.com Speed 3m+1spm 2018"]
[Site "chess.com INT"]
[Date "2018.10.09"]
[Round "2.17"]
[White "So, Wesley"]
[Black "Vidit, Santosh Gujrathi"]
[Result "1-0"]
[WhiteTitle "GM"]
[BlackTitle "GM"]
[WhiteElo "2780"]
[BlackElo "2718"]
[WhiteFideId "5202213"]
[BlackFideId "5029465"]
[EventDate "2018.07.24"]

1. e4 c6 2. d4 d5 3. exd5 cxd5 4. Nf3 Nc6 5. Bb5 e6 6. Ne5 Bd7 7. Nxd7 Qxd7 8.
c3 Bd6 9. O-O Nf6 10. Nd2 O-O 11. Nf3 a6 12. Bd3 b5 13. Re1 h6 14. a3 Qc7 15.
Qe2 Na5 16. Bc2 Nc4 17. Ne5 a5 18. b3 Nb6 19. Bd2 a4 20. b4 Nc4 21. Nxc4 dxc4
22. Qf3 Rae8 23. Bxh6 Bxh2+ 24. Kf1 gxh6 25. Qxf6 Qf4 26. Qxf4 Bxf4 27. Rad1 Kg7
28. g3 Bd6 29. Be4 Rc8 30. f4 h5 31. d5 Rfd8 32. dxe6 fxe6 33. Bb7 Rb8 34. Rxe6
Bf8 35. Bd5 Rb7 36. Kg2 Re7 37. Re5 Kh6 38. Rde1 Rxe5 39. Rxe5 Bg7 40. Re6+ Kh7
41. Bc6 Rd3 42. Be4+ 1-0

[Event "chess.com Speed 3m+1spm 2018"]
[Site "chess.com INT"]
[Date "2018.10.09"]
[Round "2.18"]
[White "Vidit, Santosh Gujrathi"]
[Black "So, Wesley"]
[Result "1-0"]
[WhiteTitle "GM"]
[BlackTitle "GM"]
[WhiteElo "2718"]
[BlackElo "2780"]
[WhiteFideId "5029465"]
[BlackFideId "5202213"]
[EventDate "2018.07.24"]

1. d4 Nf6 2. c4 e6 3. Nf3 d5 4. g3 Be7 5. Bg2 O-O 6. O-O dxc4 7. Qc2 a6 8. a4 c5
9. dxc5 Bxc5 10. Qxc4 b6 11. Ne5 Ra7 12. Nc3 Bb7 13. Bxb7 Rxb7 14. Ne4 Qd4 15.
Qxd4 Bxd4 16. Nxf6+ gxf6 17. Nf3 Nc6 18. Rd1 Rd8 19. Kg2 Rbd7 20. Ra3 Bc5 21.
Rxd7 Rxd7 22. Rc3 a5 23. Bh6 f5 24. Ne1 Nb4 25. Nc2 Nxc2 26. Rxc2 f6 27. Bd2 Rd5
28. b3 Kf7 29. Kf3 e5 30. e3 Ke6 31. Ke2 h5 32. Rc4 Kf7 33. f3 Kg6 34. Bc3 Be7
35. e4 fxe4 36. fxe4 Rc5 37. Rxc5 Bxc5 38. h3 f5 39. Kf3 Bd6 40. Bd2 Bc5 41.
exf5+ Kxf5 42. g4+ hxg4+ 43. hxg4+ Kg6 44. Ke4 Bd4 45. Be3 Bxe3 46. Kxe3 Kg5 47.
Ke4 Kxg4 48. Kxe5 Kf3 49. Kd5 Ke3 50. Kc6 Kd4 51. Kxb6 Kc3 52. Kxa5 1-0